| 000 | 00398 a2200169 4500 | ||
|---|---|---|---|
| 001 | 184529 | ||
| 020 | _a85-16-00128-8 | ||
| 040 | _cMagnum | ||
| 100 | _aNoronha, Teresa | ||
| 240 | 1 | 0 |
_aO mistério do paço das hortênsias _lpor |
| 245 | 1 | 0 | _aO mistério do paço das hortênsias |
| 300 | _a62 | ||
| 362 | 0 | _a1983 | |
| 440 | 1 | _aModerna | |
| 697 | _aLITERATURA INFANTO-JUVENIL | ||
| 942 | _cBK | ||
| 999 |
_c184529 _d184529 |
||